| 000 | 00467nam a2200169Ia 4500 | ||
|---|---|---|---|
| 008 | 230917s9999||||xx |||||||||||||| ||und|| | ||
| 020 | _cRS650 | ||
| 040 |
_e243586 _aMAIN |
||
| 041 | _aEnglish | ||
| 082 | _a574.88 P197I | ||
| 100 | _aPaolella, Peter | ||
| 245 | 0 | _aIntroduction to molecular biology | |
| 260 |
_aNew Delhi _bTata McGraw-Hill Education _c2010 |
||
| 300 | _axiii, 241 p. | ||
| 500 | _a2943 27/11/2017 HBD17/7108 05/12/2017 UIET (SFS) | ||
| 942 | _cBK | ||
| 999 |
_c24684 _d24684 |
||